TEACHING AND LEARNING (Record no. 216399)

MARC details
000 -LEADER
fixed length control field 00387nam a22001457a 4500
008 - FIXED-LENGTH DATA ELEMENTS--GENERAL INFORMATION
fixed length control field 260105b |||||||| |||| 00| 0 eng d
020 ## - INTERNATIONAL STANDARD BOOK NUMBER
International Standard Book Number 978-178135339-4
100 ## - MAIN ENTRY--PERSONAL NAME
Personal name BEERE, JACKIE
245 ## - TITLE STATEMENT
Title TEACHING AND LEARNING
260 ## - PUBLICATION, DISTRIBUTION, ETC.
Place of publication, distribution, etc. WALES
Name of publisher, distributor, etc. INDEPENDENT THINKING PRESS
Date of publication, distribution, etc. 2020
300 ## - PHYSICAL DESCRIPTION
Extent VIII, 218P.
650 ## - SUBJECT ADDED ENTRY
Topical term or geographic name entry element 1. TEACHING 2. LEARNING
942 ## - ADDED ENTRY ELEMENTS (KOHA)
Source of classification or shelving scheme Library of Congress Classification
Koha item type Long Loan Book
Holdings
Withdrawn status Lost status Source of classification or shelving scheme Damaged status Not for loan Collection Home library Current library Shelving location Date acquired Inventory number Total checkouts Full call number Barcode Date last seen Copy number Price effective from Koha item type
    Library of Congress Classification     Arts & Social Sciences Kisii University Library Kisii University Library On Display 01/05/2026 110674   LB 1025.3 .B44 2020 000000002132 01/05/2026 C.1 01/05/2026 Long Loan Book
    Library of Congress Classification     Arts & Social Sciences Kisii University Library Kisii University Library On Display 01/05/2026 110675   LB 1025.3 . B44 2020 000000002131 01/05/2026 C.2 01/05/2026 Long Loan Book
    Library of Congress Classification     Arts & Social Sciences Kisii University Library Kisii University Library On Display 01/05/2026 110676   LB 1025.3 . B44 2020 000000002130 01/05/2026 C.3 01/05/2026 Long Loan Book
    Library of Congress Classification     Arts & Social Sciences Kisii University Library Kisii University Library On Display 01/05/2026 110677   LB 1025.3 . B44 2020 000000002129 01/05/2026 C.4 01/05/2026 Long Loan Book
    Library of Congress Classification     Arts & Social Sciences Kisii University Library Kisii University Library On Display 01/05/2026 110678   LB 1025.3 . B44 2020 000000002128 01/05/2026 C.5 01/05/2026 Long Loan Book